000 00777nam a2200205Ia 4500
003 GCL
008 140319s9999 xx 000 0 ara d
040 _aGCL /
_cGCL
082 0 4 _a345.07
_bا ا
100 1 _aانيس الدغيدى
245 1 0 _aاسرار المحاكمات السياسية :
_bاخطر تفاصيل الجلسات السرية لحادث المنصة /
_cانيس الدغيدى
250 _aالاولى
260 _aالقاهرة :
_bمكتبة جزيرة الورد ،
_c2005
300 _a376 ص ؛
_c24 سم
650 0 4 _aالاغتيال
650 0 4 _aالجرائم السياسية
650 0 4 _aمحمد نجيب
650 0 4 _aمصر - تاريخ - العصر الحديث - جمال عبدالناصر ( 1954-1970 )
942 _2ddc
_cBK
999 _c7961
_d7961